Влияние алюмосиликатных микросфер на коэффициент теплопроводности силикатного покрытия; Химия и химическая технология в XXI веке

Podrobná bibliografie
Parent link:Химия и химическая технология в XXI веке.— 2019.— [С. 42-43]
Hlavní autor: Боровой В. Ю.
Korporativní autor: Национальный исследовательский Томский политехнический университет Инженерная школа новых производственных технологий Научно-образовательный центр Н. М. Кижнера
Další autoři: Казьмина О. В. Ольга Викторовна (научный руководитель)
Shrnutí:Заглавие с экрана
Jazyk:ruština
Vydáno: 2019
Edice:Химия и химическая технология неорганических веществ и материалов
Témata:
On-line přístup:http://earchive.tpu.ru/handle/11683/55418
Médium: MixedMaterials Elektronický zdroj Kapitola
KOHA link:https://koha.lib.tpu.ru/cgi-bin/koha/opac-detail.pl?biblionumber=629347

MARC

LEADER 00000naa2a2200000 4500
001 629347
005 20240119150643.0
035 |a (RuTPU)RU\TPU\conf\29932 
035 |a RU\TPU\conf\29930 
090 |a 629347 
100 |a 20190614d2019 k y0rusy50 ca 
101 0 |a rus 
102 |a RU 
105 |a y z 101zy 
135 |a drcn ---uucaa 
181 0 |a i  
182 0 |a b 
200 1 |a Влияние алюмосиликатных микросфер на коэффициент теплопроводности силикатного покрытия  |f В. Ю. Боровой  |g науч. рук. О. В. Казьмина 
203 |a Текст  |c электронный 
225 1 |a Химия и химическая технология неорганических веществ и материалов 
300 |a Заглавие с экрана 
320 |a [Библиогр.: с. 43 (3 назв.)] 
463 0 |0 (RuTPU)RU\TPU\conf\29907  |t Химия и химическая технология в XXI веке  |o материалы XX Международной научно-практической конференции имени профессора Л. П. Кулёва студентов и молодых ученых, 20–23 мая 2019 г., г. Томск  |f Национальный исследовательский Томский политехнический университет  |v [С. 42-43]  |d 2019 
610 1 |a электронный ресурс 
610 1 |a труды учёных ТПУ 
610 1 |a алюмосиликатные микросферы 
610 1 |a теплопроводность 
610 1 |a силикатные покрытия 
610 1 |a смеси 
610 1 |a эрозия 
700 1 |a Боровой  |b В. Ю. 
702 1 |a Казьмина  |b О. В.  |c химик-технолог  |c профессор Томского политехнического университета, доктор технических наук  |f 1967-  |g Ольга Викторовна  |4 727 
712 0 2 |a Национальный исследовательский Томский политехнический университет  |b Инженерная школа новых производственных технологий  |b Научно-образовательный центр Н. М. Кижнера  |3 (RuTPU)RU\TPU\col\23556 
801 2 |a RU  |b 63413507  |c 20190806  |g RCR 
856 4 |u http://earchive.tpu.ru/handle/11683/55418 
942 |c BK